00246nam a2200109Ia 4500100001800000650001100018366000700029245004100036260001900077082001700096546002300113 aRaghavan/M.P  aEthics f25 aProfessional ethics and human values bSci techc2007 a303.372bRAG aENGLISHcComputers